000 00347nam a22001337a 4500
003 LK-CoDNM
005 20240502151120.0
008 240502b |||||||| |||| 00| 0 eng d
040 _aLK-CoDNM
_dLK-CoDNM
_eLK-CoDNM
080 _aඩ7
245 _aඅධ්‍යාපන ප්‍ර‍වෘත්ති
300 _a216p.,25cm
942 _cBK
999 _c145685
_d145685